| 000 | 00000cam 2200000zi 4500 |
| 001 | 9.963176 |
| 003 | CaOODSP |
| 005 | 20260529095608 |
| 006 | m o d f |
| 007 | cr cn||||||||| |
| 008 | 260529e202605##oncabd ob f000 0 fre d |
| 040 | |aCaOODSP|bfre|erda|cCaOODSP |
| 043 | |an-cn--- |
| 086 | 1 |aXC50-1/1-451-5F-PDF |
| 110 | 1 |aCanada. |bParlement. |bChambre des communes. |bComité permanent de l'environnement et du développement durable, |eauteur, |eorganisme de publication. |
| 245 | 10|aPréserver l'eau douce du Canada pour aujourd'hui et pour l'avenir / |cla présidente, Shannon Miedema. |
| 264 | 1|a[Ottawa] : |bChambre des communes, Canada = House of Commons, Canada, |cmai 2026. |
| 300 | |a1 ressource en ligne (xvi, 328 pages) : |billustrations, cartes, graphiques. |
| 336 | |atexte|btxt|2rdacontent/fre |
| 337 | |ainformatique|bc|2rdamedia/fre |
| 338 | |aressource en ligne|bcr|2rdacarrier/fre |
| 490 | 1 |aRapport du Comité permanent de l'environnement et du développement durable ; |v5e rapport, 45e législature, 1re session |
| 500 | |aPublié aussi en anglais sous le titre : Sustaining Canada's freshwater for today and tomorrow. |
| 504 | |aComprend des références bibliographiques. |
| 520 | |a« Les eaux douces, que l'on trouve dans les rivières, les lacs, les sources souterraines, la glace et la neige, sont essentielles à la vie. Elles soutiennent les écosystèmes, remplissent une fonction d'assainissement, rendent l'agriculture possible et revêtent une importance capitale pour de nombreuses industries. Bref, elles sont indispensables. Mais l'eau douce propre et accessible peut être tenue pour acquise même si elle est essentielle. En menant une étude sur les eaux douces, le Comité a jugé qu'il avait la possibilité et la responsabilité de donner la parole à une variété de parties prenantes, et ainsi de contribuer à orienter la gouvernance future du Canada en matière d'eaux douces » -- Introduction, page 19. |
| 650 | 6|aEau douce|xPolitique gouvernementale|zCanada. |
| 650 | 6|aBassins hydrographiques|xGestion|zCanada. |
| 650 | 6|aDéveloppement durable|zCanada. |
| 700 | 1 |aMiedema, Shannon. |
| 775 | 08|tSustaining Canada's freshwater for today and tomorrow / |w(CaOODSP)9.963172 |
| 830 | #0|aRapport du Comité permanent de l'environnement et du développement durable ;|v5e rapport, 45e législature, 1re session.|w(CaOODSP)9.503452 |
| 856 | 40|qPDF|s8.09 Mo|uhttps://publications.gc.ca/collections/collection_2026/parl/xc50-1/XC50-1-1-451-5-fra.pdf |
| 856 | 4 |qHTML|sS.O.|uhttps://www.noscommunes.ca/documentviewer/fr/45-1/ENVI/rapport-5 |